MARC

LEADER 00000nam0a2200000 4500
001 288169
005 20231102000048.0
020 |a RU  |b 85-70997 
035 |a (RuTPU)RU\TPU\book\312621 
090 |a 288169 
100 |a 20150323d1985 m y0rusy5003 ca 
101 0 |a rus 
102 |a RU 
105 |a y z 000zy 
200 1 |a Ради завтрашней радости  |f Ю. В. Козловский 
210 |a Москва  |c Московский рабочий  |d 1985 
215 |a 126 с. 
606 1 |a Семья и брак  |x Этика  |2 stltpush  |3 (RuTPU)RU\TPU\subj\54582  |9 72718 
610 1 |a семейные отношения 
610 1 |a дети 
610 1 |a родители 
610 1 |a супружеские взаимоотношения 
610 1 |a нравственные отношения 
610 1 |a нравственное воспитание 
686 |a Ю755  |2 rubbk 
700 1 |a Козловский  |b Ю. В.  |g Юрий Владимирович  |4 070 
801 0 |a RU  |b RuMRKP  |c 19950704  |g psbo 
801 1 |a RU  |b 63413507  |c 20150323 
801 2 |a RU  |b 63413507  |c 20180119  |g RCR 
942 |c BK